000 01113cab a2200181 4500
001 ##L131470
008 051107n2005 000 0 eng u
035 _a(Sirsi) u131470
041 0 _aeng
100 1 _aKing, Vivien
245 0 0 _aWhy surveyors should not get hung up on case law
260 _c2005
490 0 _aJournal of Building Appraisal
_v1(3) September 2005, 268-273(6)
520 _aArgues that judges give decisions based upon the particular facts presented to them in each case. Warns that it is easy for a surveyor to mislead himself and his clients if he relies solely on the outcome of a case, without knowing the relevant facts. He runs the risk of giving his client the wrong advice by taking words out of context, without distinguishing the facts in the quoted case from those in which he is giving advice. Judges only provide guidance and clarification of the law. Examples from the law of dilapidations and landlord and tenant.
590 _aIKA081105
690 _aMANAGEMENT-DISPUTE AVOIDANCE, MANAGEMENT AND RESOLUTION-DISPUTE MANAGEMENT AND RESOLUTION-CASE MANAGEMENT
942 _n0
999 _c76100
_d76100